000 00646nam a2200205Ia 4500
003 GCL
008 140319s9999 xx 000 0 ara d
040 _aGCL /
_cGCL
082 0 4 _aق
_b923.4
_bن ع
100 1 _aنادية السنهورى
245 1 0 _aعبدالرازق السنهورى من خلال اوراقه الشخصية /
_cنادية السنهورى
700 1 _aتوفيق السنهورى
260 _a[S.N] :
_bالزهراء للاعلام العربى ،
_c1988
300 _a358 ص
490 _a
650 0 4 _aمصر
650 0 4 _aالقضاة
650 0 4 _aعبدالرازق السنهورى
942 _2ddc
_cBK
999 _c30998
_d30998